40 Polskich YouTube'rów po Imionach - Statystyki

Ogólne statystyki
  • Ten quiz został rozwiązany 64 263 razy
    64 248 od ostatniego zresetowania
  • Średni wynik to 15 z 40
Statystyki odpowiedzi
Imię i Nazwisko Twórcy Pseudonim YouTube % Poprawnych
Tomasz Działowy Gimper
89%
Stuart Burton Stuu
82%
Karol Wiśniewski Friz
77%
Remigiusz Wierzgoń ReZigiusz
71%
Karol Gązwa Blowek
69%
Sylwester Wardęga SA Wardega
67%
Aniela Bogusz Lil Masti
61%
Łukasz Samoń Mandzio
59%
Michał Baron Boxdel
58%
Szymon Kasprzyk Isamu
56%
Ignacy Łukowski Kolega Ignacy
56%
Marek Kruszel Lord Kruszwil
56%
Adam Zimmermann Naruciak
55%
Remigiusz Maciaszek Rock
53%
Piotr Skowyrski Izak
52%
Jan Dąbrowski JDabrowsky
46%
Dezydery Skowron Dezy
45%
Adam Wiejak Poszukiwacz
43%
Serafin Pęzioł Serafin
36%
Karol Dąbrowski Karolek
34%
Marek Hoffmann AdBuster
33%
Adrian Salamon Medusa
27%
Daniel Pawlak DeeJayPallaside
26%
Marcin Krasucki Rafonix
26%
Igor Leśniewski Ajgor Ignacy
25%
Michał Rychlik Young Multi
24%
Weronika Heck Mamiko
22%
Bartłomiej Wiśniewski Wiśnia
18%
Angelika Mucha Littlemooonster
17%
Maciej Frączyk Niekryty Krytyk
17%
Jakub Chuptyś Gargamel
15%
Paweł Smektalski Unboxall
12%
Bartek Kwaśniewski Vertez
9%
Karol Wątróbka Alien
8%
Jakub Szuba Kubson
6%
Piotr Latała Ziemniak
6%
Dominik Makowski Cyber Marian
5%
Przemysław Woźnica Disowskyy
5%
Paweł Diduszko Bladii
3%
Mateusz Wałowski LJay
3%
Nie znaleziono quizów pasujących do podanych kryteriów
Rozkład punktacji
Procent ludzi z każdym wynikiem
Percentyl według liczby udzielonych odpowiedzi
Twoja historia wyników
Nie rozwiązałeś tego quizu od ostatniego zresetowania